| 000 | 00683cam a22002533a 4500 | ||
|---|---|---|---|
| 001 | 310 | ||
| 003 | PGUSA | ||
| 005 | 20140828082946.0 | ||
| 008 | 080629s2008||||xxu|||||s|||||000 1 eng d | ||
| 040 |
_aPGUSA _beng |
||
| 042 | _adc | ||
| 050 | 4 | _aPS | |
| 100 | 1 |
_aLondon, Jack, _d1876-1916 |
|
| 245 | 1 | 0 |
_aBefore Adam _h[electronic resource] / _cJack London |
| 260 |
_bProject Gutenberg, _c2008 |
||
| 506 | _aPublic domain in the USA. | ||
| 516 | _aElectronic text | ||
| 653 | _aPrehistoric peoples -- Fiction | ||
| 653 | _aDreams -- Fiction | ||
| 653 | _aFantasy fiction | ||
| 830 | 0 |
_aProject Gutenberg _v310 |
|
| 856 | 4 | 0 | _uhttp://www.gutenberg.org/ebooks/310 |
| 942 | _cEB | ||
| 999 |
_c229661 _d229661 |
||